000 00444nam a22001697a 4500
003 NUST - PNEC
005 20170116181032.0
008 150824b xxu||||| |||| 00| 0 eng d
020 _a812190501X
040 _cLIBRARY
082 _a621.815 KHU
100 _95573
_aKhurmi, R. S.
245 _aA textbook of machine design (M.K.S. and S.I. units)
_cR.S. Khurmi
260 _cc.1997
650 _95574
_aMachine design
_xME
942 _2ddc
_cBK
999 _c67768
_d67768